<A> hedonic approach to residential succession.

Analýza faktorov, ovplyvňujúcich stálosť osídlenia. Vplyv kvality bývania a kvality susedov. Vek bytu nehrá rolu, ale jeho veľkosť áno. Národnosť susedov nehrá rolu, ale priemerná výška ich príjmov áno.

Enregistré dans:
Détails bibliographiques
Auteur principal: Coulson, N.E
Autres auteurs: Bond, E.W
Format: Chapitre de livre
Langue:anglais
Sujets:
Tags: Ajouter un tag
Pas de tags, Soyez le premier à ajouter un tag!

MARC

LEADER 00000naa a2200000 4500
001 r005891
005 20220819193414.7
041 0 |a eng 
044 |a US 
245 1 0 |a <A> hedonic approach to residential succession.  |c N.E. Coulson, E.W. Bond 
520 |a Analýza faktorov, ovplyvňujúcich stálosť osídlenia. Vplyv kvality bývania a kvality susedov. Vek bytu nehrá rolu, ale jeho veľkosť áno. Národnosť susedov nehrá rolu, ale priemerná výška ich príjmov áno. 
610 2 0 |a bývanie 
610 2 0 |a byty 
610 2 0 |a kvalita 
610 2 0 |a osídľovanie 
610 2 0 |a príjmy 
610 2 0 |a údaje štatistické 
610 2 0 |a metódy matematicko-štatistické 
100 1 |a Coulson, N.E. 
700 1 |a Bond, E.W.